[Event "Dortmund "]
[Site "?"]
[Date "2005.07.15"]
[Round "7"]
[White "Bacrot, Etienne"]
[Black "Adams, Michael"]
[Result "1-0"]
[WhiteElo "2729"]
[BlackElo "2719"]
[Annotator "Ubilava, E"]
[PlyCount "105"]
[EventDate "2005.07.07"]
[EventType "tourn"]
[EventRounds "9"]
[EventCountry "GER"]
[EventCategory "19"]
[Source "EDAMI"]
[SourceDate "2006.12.20"]

{Observando la trayectoria de E.Bacrot de los ultimos anos y particularmente
el torneo de Dortmund, el jugador Frances podia ser un perfecto sustituto de
algun jugador en los futuros super torneos de elite. Por su nivel de juego y
sobre todo por su juventud el es un solido candidadto para los eventos mas
importantes del ano. El encuentro contra M.Adams es su tarjeta de presentacion,
aunque tambien tuvo otras actuaciones sobresalientes en este evento.} 1. d4 Nf6
2. c4 e6 3. Nf3 b6 4. g3 Ba6 5. b3 Bb4+ 6. Bd2 Be7 7. Bg2 c6 8. Bc3 d5 9. Ne5
Nfd7 10. Nxd7 Nxd7 11. Nd2 O-O 12. O-O Rc8 13. e4 b5 14. Re1 dxe4 15. Bxe4 bxc4
{M.Adams repite su partida contra V.Anand que le salio redondo en la ultima
ronda del supertorneo de Linares.} 16. bxc4 $5 ({Anand eligio} 16. Nxc4 Nb6 17.
Nxb6 axb6 18. a4 {
y no consiguio nada despues de la apertura, V.Anand-M.Adams Linares 2005})
16... c5 17. d5 exd5 18. Bxd5 Nb6 {Puede parecer que las negras han resuelto
todas las problemas de la apertura, pero E.Bacrot demuestra que tenia
analizada detalladamente esa posicion y revela las dificultades que aun
presenta la posicion de las negras, en primer lugar es la diferencia entre dos
alfiles de las casillas blancas y en segundo lugar es la ventaja en el centro
de tablero que muestran las piezas blancas.} 19. Ba5 $1 Bf6 20. Rb1 Rb8 21. Qf3
Qd7 22. Bxb6 axb6 ({La jugada} 22... Rxb6 {
tiene un aspecto peligroso para las negras, por ejemplo:} 23. Ne4 Bd4 24. Rxb6
axb6 25. Ng5 Bf6 (25... h6 $4 {es un grave error por} 26. Nxf7 Rxf7 27. Qxf7+
Qxf7 28. Re8+) 26. Nxf7 Rxf7 27. Qf5 ({despues de} 27. Be6 {
las negras superan dificultades} Qd8 28. Rd1 Qe8 29. Rd6 Bc8 30. Qa8 Bd4 31.
Bxf7+ Kxf7 32. Qd5+ Ke7 33. Rxb6 Qf7 34. Qd6+ Ke8 35. Qc6+ Kd8 {
y el rey negro encuentra el refugio}) 27... Bc8 28. h4 Qd8 29. Qh5 g6 30. Bxf7+
Kxf7 31. Qxh7+ Bg7 32. h5 gxh5 33. Qxh5+ {con venta para las blancas.}) 23. Ne4
Bd4 24. Qf4 h6 {diagrama} 25. a4 $1 {Con esa jugada las blancas establesen su
ventaja. El avance sutil de peon "a" impide la posible liberacion del flanco
de dama por medio de b5, ademas por si mismo las blancas pueden preparar a5,
otra dificultad consiste en encontrar una jugada util de parte de las negras}
Rbe8 $1 {M.Adams elige sacrificar la calidad y desactivar la peligrosa
iniciativva de su rival, pero no logra todos sus objetivos, la peligrosidad de
la posicion muestra la variante} (25... Rbd8 $2 26. Rxb6 Qxa4 27. Nd6 Bf6 28.
Nxf7 $1 Rxf7 29. Bxf7+ Kxf7 30. Qc7+ Kg8 31. Rxf6 {ganando}) 26. Rxb6 Qxa4 27.
Reb1 Bxc4 {Probablemente es el momento mas dificil para las negras. M.Adams
disponia otras jugadas muy interesantes que posiblemente podian salvar la
partida:} (27... Qc2 $1 28. Nd6 Re6 $3 29. Bxe6 fxe6 30. Rb8 Bc8 31. Rc1 (31.
Qe4 {transpone en la posicion que ananlisamos en la variante 27...Qa2}) 31...
Bxf2+ 32. Kh1 Qe2 33. Rxc8 Rxc8 34. Nxc8 {parece que todo ha terminado pero
sorprendentemente Fritzi sigue descubriendo recursos extraordinarios, diagrama}
g5 $3 35. Ne7+ Kg7 36. Nf5+ Kg6 37. Nh4+ gxh4 38. gxh4 (38. g4 $4 h3 {
y ganan las negras}) 38... e5 39. h5+ Kxh5 40. Qf5+ Kh4 {
y probablemente las negras se salvan!}) ({otra opcion era} 27... Qa2 28. Nd6
Re6 29. Bxe6 fxe6 30. Rb8 ({despues de} 30. Qe4 Bxc4 31. Nxc4 Qxc4 32. Qxe6+
Qxe6 33. Rxe6 Rxf2 34. Kh1 {las negras no pueden perder esa posicion}) 30...
Bc8 31. Qe4 $1 Qxf2+ 32. Kh1 Bd7 33. R8b7 Be8 34. Nxe8 Rxe8 35. Rb8 Rxb8 36.
Rxb8+ Kf7 37. Rb1 {y las blancas aunque mantienen pequena ventaja eso seria
dificil de convertir en la victoria.}) 28. Bc6 Qa5 29. Bxe8 Rxe8 30. h4 {
Las blancas estan preparando el plan h5, Rb8} Be5 31. Nf6+ Bxf6 32. Qxc4 Qc3 {
El gran maestro Britanico cambia las damas para evitar la presion sobre la
casilla f7} 33. Qxc3 Bxc3 34. Rb8 Kf8 {diagrama} 35. h5 $1 {Esa jugada los
conceptos defensivos de las negras, porque evita definitivamente las
estructuras de peones f7-g6-h5 y con la presencia de peon c5 podia
proporcionar tablas al jugador ingles.} Rxb8 36. Rxb8+ Ke7 37. Kf1 Kf6 38. Rb7
Bd4 39. Ke2 Kg5 ({en caso de} 39... g6 {las blancas pueden respnder} 40. g4)
40. Rxf7 Kxh5 41. Kf3 Kg6 42. Rf8 Kg5 43. g4 $1 Bf6 ({
la posicion que surge despues de} 43... g6 44. Kg3 h5 45. f4+ Kh6 46. g5+ (46.
f5 $2 Kg5 $1 {es tablas}) 46... Kg7 47. Rc8 Kf7 48. Rc6 {
debe de ser ganada para las blancas}) 44. Kg3 Kg6 45. f4 h5 46. g5 Be7 47. Re8
Kf7 48. Rc8 Ke6 49. Kf3 Bd6 50. Ke4 g6 51. Rh8 Be7 52. Rh6 Kf7 53. Rh7+ {
hay que felicitarle a E.Bacrot con esa magnifica victoria.} 1-0

[Event "Dortmund "]
[Site "?"]
[Date "2005.07.15"]
[Round "7"]
[White "Svidler, Peter"]
[Black "Leko, Peter"]
[Result "1-0"]
[WhiteElo "2738"]
[BlackElo "2763"]
[Annotator "Ubilava, E"]
[PlyCount "81"]
[EventDate "2005.07.07"]
[EventType "tourn"]
[EventRounds "9"]
[EventCountry "GER"]
[EventCategory "19"]
[Source "EDAMI"]
[SourceDate "2006.12.20"]

{La presente partida tiene valor teorico. En una de las lineas principales de
anti-sveshnikov P.Svidler profundiza la idea que realizo M.Turov contra P.
Maletin en Moscu aeroflot open 2005. La importancia de la mencionada partida
es lo bastante grande, porque P.Leko tambien ha seguido las pautas de este
encuentro, aunque sin duda quedan direcciones colatereles que pueden ser
explotadas en el futuro. El gran maestro Ruso, en la jugada 20.Rf3! contribuye
una importante mejora de la posicion lo que pilla con sorpresa a su rival.
Piter no solo no pudo encontrar ningun antidoto contra el nuevo plan de su
adversario sino, creo que facilito bastante la victoria de su rival. Sin
embargo no tengo bien claro, que las nergras pueden tener recursos suficientes
para igualar la partida.} 1. e4 c5 2. Nf3 Nc6 3. Bb5 g6 {
Es la direccion preferida de P.Leko.} 4. Bxc6 dxc6 5. d3 Bg7 6. h3 Nf6 7. Nc3
Nd7 8. Be3 e5 9. Qd2 h6 10. O-O Qe7 11. Nh2 {
para abrir el juego las blancas preparan la ruptura f4} Nf8 12. f4 exf4 13.
Rxf4 Ne6 14. Rf2 Nd4 15. Raf1 Be6 16. Ng4 O-O-O 17. Nxh6 $5 {Parece una
on demasiado atrevida de parte de las blancas, pero para romper las lineas
defensivas tambien hay que asumir riesgos, en caso de} (17. Bxh6 Bxh6 18. Nxh6
f5 19. exf5 gxf5 20. Ne2 Nxe2+ 21. Rxe2 Qf6 22. Ng4 Qxb2 23. Ne5 {
me preocuparia la posicion de las blancas mas que de su adversario.}) 17... f6
({es muy polemica la jugada} 17... f5 {por} 18. Bg5 Bf6 ({no vale} 18... Qd7
19. exf5 gxf5 20. Bxd8 Qxd8 21. Nxf5 {con ventaja material}) 19. Bxf6 Qxf6 20.
Ng4 {las negras aun pueden seguir con} Qh4 {
pero quizas no tengan fe que tienen plena compensacion por un peon perdido})
18. Nd1 ({la aventura con} 18. Na4 {aleja demasiado esa pieza de los labores
defensivos que debe de emplear en el flanco de rey} b6 19. b3 Qf8 20. Ng4 Bxg4
21. hxg4 Qg8 {con amenaza de 22...Qh7}) ({tampoco} 18. b3 {
cambia algo en este concepto} Qf8 19. Ng4 Bxg4 20. hxg4 Qg8 {
con la misma amenaza}) 18... Rh7 ({ahora la jugada} 18... Qf8 {
no parece peligroso para las blancas:} 19. Ng4 Bxg4 20. hxg4 Qg8 21. Bxd4 cxd4
22. Rf3 Qxa2 23. g5 fxg5 24. Qxg5 Qe6 25. Nf2 Be5 26. Nh3) 19. c3 Nb5 {diagrama
} 20. Rf3 $1 ({seguramente P.Svidler comprobo que no valia} 20. e5 $2 f5 21.
Bg5 {por} Qd7) ({en la mencionada partida las blancas siguieron} 20. Ng4 {
y despues de} Bxg4 21. hxg4 Nd6 22. Rf3 c4 23. Nf2 cxd3 24. Qxd3 Nf5 25. exf5
Rxd3 26. Nxd3 gxf5 27. gxf5 Qd6 {las negras han quedado con la ventaja
material, M.Turov-P.Maletin Aeroflot open Moscu 2004}) 20... c4 21. Ng4 (21. d4
{seria un error evidente por} Rdh8 22. d5 cxd5 23. exd5 Rd8 {
con clara ventaja para las negras}) 21... Rxd3 $6 {creo que es preferible jugar
} (21... Bxg4 22. hxg4 cxd3 23. Nf2 Nd6 24. Qxd3 Nf7 25. Qe2 Kb8 {
aunque las blancas mantienen un peon de ventaja}) 22. Qe2 Bxg4 ({
no hay igualdad ni despues de} 22... f5 23. exf5 gxf5 24. Ngf2 Rd8 {por} 25. a4
Nd6 26. Bxa7) 23. hxg4 Qe5 24. Bf4 Qc5+ 25. Nf2 $1 {es muy probable que P.
Svidler en sus analisis ha llegado hasta esa posicion. Las piezas blancas
estan colocadas con mucha elasticidad y solo necesitan un pequno empujon para
que sus piezas obtengan una actividad completa} Bh6 $2 {Leko comete un error
bbastante grave, que facilita la tarea de su rival, era mejor seguir con} (
25... Rd8 26. Qe3 Bf8 27. g5 fxg5 28. Bxg5 Re8 {
con pequena ventaja para las blancas}) 26. Bxh6 Rxh6 27. Rxd3 cxd3 28. Qxd3 Rh8
29. Rd1 Qe7 {diagrama} 30. e5 $1 {Las blancas se desenvuelven con mucha
facilidad, mientras las piezas negras estan descoordinadas, practicamente
despues de esa ruptura la contienda esta ganada para el ejercito blanco.} fxe5
(30... Qxe5 $4 {termina con un remate} 31. c4 Nc7 32. Qd7+ Kb8 33. Qd8+ Rxd8
34. Rxd8#) 31. Qxg6 Kb8 32. g5 Nc7 33. Qf6 $1 Qe8 34. Rd7 $1 {P.Svidler go
lpea jugada tras jugada demostrando a su rival la imposibilidad de salvar la
partida} Kc8 35. Re7 Qd8 36. Qf5+ Kb8 37. Qxe5 Rg8 38. Ne4 Qd1+ 39. Kh2 Qh5+
40. Kg3 Rc8 41. Nf6 1-0

[Event "Andorra Open"]
[Site "Andorra la Vella"]
[Date "2005.07.12"]
[Round "4.2"]
[White "Peralta, Fernando"]
[Black "Campos Moreno, Javier"]
[Result "1-0"]
[WhiteElo "2553"]
[BlackElo "2443"]
[Annotator "De la Riva, O"]
[PlyCount "85"]
[EventDate "2005.07.17"]
[EventType "swiss"]
[EventRounds "9"]
[EventCountry "AND"]
[Source "EDAMI"]
[SourceDate "2006.12.20"]

{El Gran Maestro argentino basó su victoria en el torneo en la solidez de su
repertorio, ya que aguantó bien con las piezas negras frente a los pesos
pesados, y a la buena preparación teórica con las piezas blancas donde siempre
obtuvo posiciones interesantes. En la partida que he elegido, Peralta muestra
un buen conocimiento estratégico de la posición tras alcanzar una compleja
posición tras la apertura, y poco a poco encontró la forma de doblegar a su
experimentado rival.} 1. d4 Nf6 2. c4 e6 3. Nc3 Bb4 4. e3 {
Un sólido esquema contra la nimzoíndia.} O-O 5. Bd3 d5 6. Nf3 c5 7. O-O Nc6 8.
a3 Bxc3 9. bxc3 Qc7 10. cxd5 exd5 11. a4 {
No es la única opción pero si el plan de juego más utilizado.} Re8 12. Ba3 c4
13. Bc2 {#DIAGRAMA Alcanzando finalmente la posición crítica de la variante.
Debido a que ambos jugadores han jugado anteriormente esta variante
"presupongo" que por la mañana fue el punto de partida de la preparación
casera. Ahora las negras disponen de varias jugadas y Campos se decide por una
interesante idea de Grischuk.} Qa5 ({Existen otras opciones y a todas ellas se
había enfrentado anteriormente Peralta con muy buenos resultados. Veamos las
otras posibilidades:} 13... Bg4 14. Qe1 Bh5 (14... Bxf3 15. gxf3 {Ceder el par
de alfiles no me parece muy consecuente y la posición blanca parece
ligeramente favorable.} Qd7 16. Kh1 Qh3 17. Qd1 Nh5 (17... Qh4 18. Rb1 b6 19.
Bd6 $14) 18. Rg1 g6 (18... Re6 19. Rb1 Rh6 20. Rg2 $14) 19. Rb1 b6 20. Rb5 (20.
e4 Rad8 21. Rb5 dxe4 22. fxe4 (22. Bxe4 Ne5) 22... Ne5 $1 $13) 20... Rad8 21.
Rg5 {Con ligera ventaja que las blancas supieron aprovechar en una larga
partida.  Kasimdzhanov,R-Ivanchuk,V Skanderborg  2003}) (14... Qd7 15. Nh4 g5
16. f3 {Esta intermedia pone en duda el plan negro.} Be6 17. Qg3 h6 18. f4 Nh5
19. Qf2 gxh4 20. f5 Ng7 21. fxe6 Rxe6 22. Qxh4 $16 {
Simonet Pons,M-Jose Abril,R Catalunya Equips 2003}) 15. Nh4 Ng4 16. g3 g5 17.
Ng2 Bg6 18. Qd2 Bxc2 19. Qxc2 Qd7 20. Rae1 Nf6 21. f3 Qe6 22. e4 $1 dxe4 23.
fxe4 Nxe4 24. Ne3 {Las blancas tienen buena compensación debido a las
debilidades en la estructura negra.} Nf6 25. Qd1 Nd5 26. Nxc4 $14 {
Peralta,F-Andres Gonzalez,A San Sebastian 2005}) (13... Ne4 14. Bxe4 Rxe4 15.
Nd2 Rh4 (15... Re8 {Es más habitual.}) 16. g3 Rh6 17. e4 Be6 18. Re1 dxe4 19.
Rxe4 Qa5 20. Re3 Rd8 21. Qe2 Qh5 22. f3 Qd5 23. Re1 $14 {
Peralta,F-Vehi Bach,V Salou 2005}) 14. Qc1 Ne4 15. Bxe4 Rxe4 16. Nd2 Re8 17. e4
Be6 ({La captura en e4 parece floja debido a} 17... dxe4 18. Nxc4 Qc7 19. Nd6
Rd8 20. Qf4 $14) 18. e5 (18. Re1 {Sería otra opción, aunque tras la captura en
e4 parece que las negras igualan la partida.} dxe4 19. Nxe4 Bd5 20. f3 Bxe4 21.
fxe4 Qxa4 22. Bc5 Qb5 23. Rb1 $44 {y la partida finalizó en tablas tras 32
jugadas: Niklasch,O-Filippov,V Izmir 2004}) 18... Bf5 {
Capturar primero en a4 es una trasposición.} 19. f4 Qxa4 {#DIAGRAMA Alcanzando
la que a mi entender es la segunda posición crítica de la partida. Sospecho
que ambos jugadores conocían el único precedente en esta posición y es curioso
señalar en que es muy probable que ambos la vieran como interesante, pero
desde dos puntos de vista muy diferentes. Las negras han capturado un peón, y
ahora todo depende de la iniciativa blanca para valorar si el sacrificio
resulta correcto o al menos suficiente.} 20. Rf2 {Una jugada extraña. Está
claro que si uno no conoce a fondo la posición cuesta de creer que con jugadas
así las blancas puedan obtener a cambio algo por el peón sacrificado. El plan
en cambio es simple: se prepara la maniobra Nf1-e3 para seguir con la
avalancha de peones en el flanco de rey con g4.} Nd8 {Desviándose del único
referente hasta el momento. Parece que Campos se avanza en la defensa de b7 i
prepara el retroceso de la dama a d7 para controlar las casilas blancas.
Grischuk prefirió empezar su defensa con 20....f6 y si uno analiza la partida
puede observar que la posición es terriblemente compleja. Veamos algunas
posibilidades:} (20... f6 21. Qb2 Nd8 (21... Qa5 $5 {
Es una interesante recomendación de Ftacnik} 22. Qxb7 (22. Bd6 Qb6) 22... Qxc3
23. Bb2 Qb4 24. Qxc6 Qxb2 25. Rxa7 $1 $13) 22. Nf1 $6 (22. Bc5 $1 Qc6 23. Rxa7
Rxa7 24. Bxa7 $11) 22... Qd7 23. Ne3 {La posición es terriblemente parecida a
la de esta partida, pero con la intercalación de las jugadas f6 y Qb2 lo que
me parece favorable a las negras ya que las blancas no pueden avanzar tan
rápido con g4.} Bd3 24. h3 b6 25. Qd2 Kh8 $2 (25... fxe5 26. fxe5 Ne6 $17) 26.
f5 $1 fxe5 (26... Qc6 27. e6 Nb7 28. Qd1 $13) 27. dxe5 Rxe5 28. f6 $44 {
Y la posición es terriblemente oscura. Korotilev-Grischuk, Moscú 2004}) (20...
Qc2 $6 21. Qxc2 Bxc2 22. Nxc4 dxc4 23. Rxc2 $14) (20... Qb5 21. Bd6 Ne7 22. Nf1
$13) 21. Nf1 Qd7 22. Ne3 a5 {La idea de Campos es defender por la tercera fila
incorporando a la torre por a6. Otra opción posible era intentar un plan
parecido al de Grischuk mediante f6, presionando en e5, aunque está claro que
las blancas tienen porque jugar con Qb2.} 23. g4 $1 Be4 (23... Bxg4 {
La captura es muy peligrosa ya que el alfil queda desplazado.} 24. f5 Bh5 25.
Qf1 $44 {Con una excelente compensación por los dos peones sacrificados.}) 24.
f5 Ra6 {Ahora alcanzamos otra posición muy dificíl de valorar. ?Tienen
suficiente compensación las blancas? Yo creo que el principal problema reside
en que no es fácil jugar con las piezas negras ya que en el medio juego el
peón de ventaja no resulta tan importante mientras que la ofensiva blanca en
el flanco de rey resulta muy peligrosa.} 25. Qd2 b5 26. Rf4 Rh6 {Un plan extrañ
o ya que desplaza la torre al flanco de rey donde puede quedar expuesta. Lo
más lógico sería preparar la ruptura b4 pero el problema es que no resulta tan
sencillo.} 27. Raf1 Rh3 28. e6 $1 {El mismo sacrificio que se realizó en la
partida entre Korotilev y Grischuk. Las blancas confían en abrir la columna f
y así hacer valer su control de la misma.} fxe6 {Las negras pueden retrasar la
captura aunque no se ve muy bien como progresan en su posición.} (28... Qb7 29.
Bc5 {y las negras continuan sin muchas jugadas.}) 29. f6 Bg6 {El alfil acude a
la defensa pero ahora es la torre de h3 la que queda en el aire.} (29... gxf6
30. Rxf6 {Para continuar con Qf2 con compensación.}) 30. fxg7 Kxg7 (30... Nf7
$2 31. Kg2 $1 Rh6 (31... Ng5 $2 32. Rf8+ Kxg7 33. Nf5+ $1 exf5 34. Qxg5 Rxh2+
35. Kxh2 Rxf8 36. Bxf8+ Kxf8 37. gxf5 $16) 32. g5 Rh5 33. h4 {
Seguido de Ng4 con ventaja.}) 31. Kg2 Rh6 32. h4 $2 {A primera vista parece
buena pero no he conseguido encontrar la refutación a la captura.} (32. Bf8+
Rxf8 33. Rxf8 Nf7 $17 {
Tras el sacrificio de calidad la posición negra es ventajosa.}) (32. g5 $5 Rh5
33. h4 {Con compensación.}) 32... b4 $2 (32... Rxh4 {
Era la mejor opción y no está claro que es lo que pasa.} 33. Qf2 (33. Kg3 Rh6
34. Bf8+ Rxf8 35. Rxf8 Nf7 $19) (33. Qe1 Rh6 34. Nxc4 {Para Qe5} Be4+ 35. Rxe4
dxe4 36. Nd6 Rg8 $17 {Y las negras se defienden.}) 33... Rh6 34. Bf8+ (34. Rf8
Be4+ 35. Kg3 b4 $17) 34... Rxf8 35. Rxf8 Be4+ 36. Kg3 Qe7 $17) 33. g5 Rh5 34.
cxb4 {Ahora en cambio la torre negra ha quedado mal emplazada y el sacrificio
de peón no sirve para neutralizar la iniciativa blanca.} h6 $2 (34... axb4 35.
Bxb4 Nc6 36. Bc5 {Con una tremenda compensación por el peón.}) 35. gxh6+ Kh8 (
35... Rxh6 36. Ng4 Rxh4 37. Nf6 $18) 36. Rf8+ Rxf8 37. Rxf8+ Kh7 38. Ng4 $18 {
Las negras no tienen defensa. Las piezas blancas se cuelan por todas partes.}
Be4+ 39. Kg1 Qd6 40. Nf6+ Kg6 41. Nxh5 Qxf8 42. Qg5+ Kh7 43. bxa5 1-0